Simón Bolívar : (Registro nro. 7769)

Detalles MARC
000 -LIDER
fixed length control field 01033nam a2200289 a 4500
001 - NÚMERO DE CONTROL
Identificador de número de control 000004203
003 - IDENTIFICACDOR DE NÚMERO DE CONTROL
control field DO-SdBNP
005 - DATE AND TIME OF LATEST TRANSACTION
control field 20180328091715.0
007 - CAMPOS FIJOS DE DESCRIPCIÓN FÍSICA
fixed length control field 000004203
008 - ELEMENTOS DE LONGITUD FIJA
fixed length control field 090720s1996 dr bc 001 0 spa d
040 ## - FUENTE DE CATALOGACIÓN
Agencia que crea de manera original el registro BPMUS
Idioma de catalogación spa
Agencia que realiza la transcripción BPMSU
092 ## - LOCALLY ASSIGNED DEWEY DECIMAL CALL NUMBER
Número de clasificación 923.287
Número de ítem (Cutter) B689b, 1996
100 1# - ASIENTO PRINCIPAL -- NOMBRE PERSONAL
Nombre personal Bosch, Juan,
Fechas asociadas con el nombre 1909-2001
245 10 - MENCIÓN DE TITULO
Título Simón Bolívar :
Subtítulo biografía para escolares /
Mención de responsabilidad Juan Bosch ; palabras preliminares de Rómulo Gallegos.
250 ## - MENCIÓN DE EDICION
Mención de edición 3a. ed.
260 ## - PUBLICACIÓN, DISTRIBUCIÓN, ETC. (PIE DE IMPRENTA)
Lugar de publicación, distribución, etc Santo Domingo :
Nombre del editor, distribuidor, etc. Alfa & Omega,
Fecha de publicación, distribución, etc 1996
300 ## - DESCRIPCIÓN FÍSICA
Extensión 183 p. :
Otros detalles físicos il., mapas , retrs. ;
Dimensiones 21 cm.
504 ## - NOTA DE BIBLIOGRAFÍA, ETC.
Bibliography, etc Bibliografía : p. 177-178.
600 14 - ENCABEZAMIENTO DE MATERIA--NOMBRE PERSONAL
Nombre personal BOLÍVAR, SIMÓN,
Numeración 1783-1830
651 #4 - ENCABEZAMIENTO DE MATERIA--NOMBRE GEOGRÁFICO
Nombre geográfico VENEZUELA
Subdivisión temática general HISTORIA
Subdivisión cronológica GUERRA DE INDEPENDENCIA, 1810-1823
651 #4 - ENCABEZAMIENTO DE MATERIA--NOMBRE GEOGRÁFICO
Nombre geográfico AMÉRICA DEL SUR
Subdivisión temática general HISTORIA
Subdivisión cronológica GUERRAS DE INDEPENDENCIA, 1806-1830
700 1# - ASIENTO SECUNDARIO -- NOMBRE PERSONAL
Nombre personal Gallegos, Rómulo,
Fechas asociadas con el nombre 1884-1969,
Mención de responsabilidad pról.
910 ## - VALIDACIÓN
Validación Validado. Control de calidad EMS.
942 ## - ADDED ENTRY ELEMENTS (KOHA)
Source of classification or shelving scheme Dewey Decimal Classification
Koha item type Libros
945 ## - INFORMACIÓN DE PROCESAMIENTO LOCAL
Información de procesamiento local Titulo remanejado para la BNPHU
956 ## - LOCAL ELECTRONIC LOCATION AND ACCESS (OCLC)
Nombre de host VMATEO
Número de acceso 10
Información de compresión 20150501
Inicio de sesión BPMSU
Procesador de solicitud 00151
Existencias
Withdrawn status Lost status Source of classification or shelving scheme Damaged status Not for loan Collection code Home library Current library Date acquired Total Checkouts Full call number Barcode Date last seen Price effective from Koha item type
    Dewey Decimal Classification     Colección Dominicana Biblioteca Pública Metropolitana Salomé Ureña Biblioteca Pública Metropolitana Salomé Ureña 05/01/2015   923.287 B689b 1997 BPMSU15051541 05/01/2015 05/01/2015 Libros